000
00350nam a2200157Ia 4500
100
_a
Raghunath/H.M
650
_a
Strength of Materials
942
_c
BK
366
_f
23
245
_a
Strength Of Materials
260
_b
New Age Interational Ltd.
_c
2010
082
_a
620.112
_b
RAG
300
_a
280
546
_a
ENGLISH
_c
Info.Tech
999
_c
33268
_d
33268